000 00759nam a2200253Ia 4500
003 OSt
005 20221006145438.0
006 a|||||r|||| 00| 0
007 ta
008 221006b |||||||| |||| 00| 0 eng d
020 _c
_6.25 (each)
024 _a14,844
037 _cTextual
040 _aEASL
_cEASL
_beng
041 _2eng
_aeng
082 _aO41,3G, 111J9.1-.2
100 _aKUAN-CHUNG Lo
_9654465
245 0 _aRomance of the three kingdoms
_b San kuo Chih Yen-I, 2 Vols.
260 _aRutland
_bCharles E. Tuttle Company
_c1959
300 _a638+623p.
_ccm.
700 _a BREWITT-TAYLOR C.H Tr.
_9654466
942 _hO41,3G, 111J9.1-.2
_cTEXL
_2CC
999 _c1082930
_d1082930